000 00310nam a22001337a 4500
008 171124b xxu||||| |||| 00| 0 eng d
020 _a9780140138191
041 _aeng
080 _a316
100 _a51
101 _aSOC
245 _aENGLISH SOCIETY IN THE EIGHTEENTH CENTURY
_cPORTER, R
942 _2udc
_cBK
999 _c38505
_d38505